000 00499cam a2200205ua 4500
001 7617
008 141218n ii |||gr||||Z||||||ben
020 _a8189115049
040 _cMAIN
041 _aben
082 _a491.444
100 _aBiswas, R.,
_eEditor.
245 1 _aUttarbanger bhasa
_cEdited by Ratan Biswas
250 _a1st.
260 _aCalcutta:
_bAnanda,
_c2005.
300 _a614p.
653 _aEast Indo-European & Celtic languages
653 _aBengali language
942 _cBK
999 _c6739
_d6739